| 000 | 00580nam a22001817a 4500 | ||
|---|---|---|---|
| 003 | CEME | ||
| 005 | 20210628204136.0 | ||
| 008 | 210127b xxu||||| |||| 00| 0 eng d | ||
| 020 | _a0-471-29777-1 | ||
| 040 | _c. | ||
| 082 | _a621.3835 VAR | ||
| 100 |
_aVarrall, Geoff,Belcher, Roger _968917 |
||
| 245 | _aData over radio data and digital processing techniques in mobile and cellular radio | ||
| 260 |
_aNEW YORK _bJOHN WILEY & SONS _c1992 |
||
| 300 | _aIX,246P | ||
| 650 |
_aMOBILE COMMUNICATIONS SYSTEMS, DATA TRANSMISSION SYSTEMS, CELLULAR RADIO _968918 |
||
| 942 |
_cBK _2ddc |
||
| 999 |
_c576366 _d576366 |
||